| 000 | 01349nam0a2200301 4500 | ||
|---|---|---|---|
| 001 | RU\NLR\BIBL_A\011196887 | ||
| 005 | 20160929172750.0 | ||
| 010 |
_a978-5-7996-1679-3 _950 |
||
| 021 |
_aRU _b2016-59105 _93752 |
||
| 035 | _a(NLR Aleph) 011196887 | ||
| 090 |
_a11897919 _c11897919 |
||
| 100 | _a20160817d2016 k y0rusy50 ca | ||
| 101 | 0 | _arus | |
| 102 | _aRU | ||
| 105 | _aa z 000yy | ||
| 200 | 1 |
_aТеоретико-методические основы стратегического учета и анализа затрат _fА.В. Чепулянис, С.А. Бороненкова _gМ-во образования и науки Рос. Федерации, Уральский гос. экон. ун-т |
|
| 210 |
_aЕкатеринбург _cИзд-во Уральского университета _d2016 |
||
| 215 |
_a215 с., [2] л. ил. _cил. _d24 |
||
| 320 | _aБиблиогр.: с. 212-215 | ||
| 606 | 1 |
_aПредприятия _xЗатраты _xУправление _2nlr_sh1 _2nlr_sh2 _3RU\NLR\AUTH\661425543 |
|
| 686 | 1 | _aУ9(2)-862-21 | |
| 700 | 1 |
_aЧепулянис _bА. В. _gАнтон Владимирович |
|
| 701 | 1 |
_aБороненкова _bС. А. _f1938- _gСветлана Ароновна |
|
| 942 | _cBOOK | ||
| 980 | _aNBR | ||
| 980 | _aNB | ||